LEADER 00404nac 2200169 u 450 001 9910380439703321 005 20240401170347.0 035 $a(EXLCZ)9913536100200041 100 $a20200104d uy 0 101 0 $amul 200 00$aGilded Age 215 $aCollection 215 $aAggregator package 904 00$a(CKB)614900000000002450 912 $a9910380439703321 996 $aGilded age$92133728 997 $aUNINA